Taylor Swift Songs With Two Words In Title - Statistics

General Stats
  • This quiz has been taken 82 times
    71 since last reset
  • The average score is 52 of 65
Answer Stats
Album Song % Correct
1989 Bad Blood
96%
Midnights Midnight Rain
96%
Taylor Swift Our Song
96%
1989 Blank Space
92%
Speak Now Speak Now
92%
Lover The Man
92%
TLOAS Eldest Daughter
88%
Reputation End Game
88%
Midnights Lavender Haze
88%
Speak Now Sparks Fly
88%
Lover The Archer
88%
TTPD The Manuscript
88%
Fearless White Horse
88%
Lover Cruel Summer
84%
TTPD Down Bad
84%
TLOAS Elizabeth Taylor
84%
evermore gold rush
84%
folklore illicit affairs
84%
folklore invisible string
84%
Lover London Boy
84%
Fearless Love Story
84%
1989 New Romantics
84%
1989 (TV) Suburban Legends
84%
TLOAS Wi$h Li$t
84%
1989 Wildest Dreams
84%
TLOAS Actually Romantic
80%
Speak Now (TV) Castles Crumbling
80%
evermore champagne problems
80%
TTPD Clara Bow
80%
Speak Now (TV) Electric Touch
80%
TLOAS Father Figure
80%
Lover Paper Rings
80%
folklore the 1
80%
TTPD The Alchemy
80%
TTPD The Prophecy
80%
Taylor Swift Tim McGraw
80%
evermore tolerate it
80%
Midnights Vigilante Shit
80%
Red Begin Again
76%
Red (TV) Better Man
76%
Lover Cornelia Street
76%
Speak Now Dear John
76%
Midnights Dear Reader
76%
Red (TV) Forever Winter
76%
Reputation Getaway Car
76%
Fearless Hey Stephen
76%
Midnights High Infidelity
76%
Red Holy Ground
76%
Speak Now Long Live
76%
Taylor Swift Stay Beautiful
76%
Midnights Sweet Nothing
76%
TTPD The Albatross
76%
TTPD The Bolter
76%
evermore coney island
72%
Fearless (TV) Don't You
72%
Lover False God
72%
Speak Now (TV) Foolish One
72%
Midnights Hits Different
72%
Speak Now Last Kiss
72%
folklore mad woman
72%
Red (TV) Nothing New
72%
folklore the lakes
72%
Taylor Swift The Outside
72%
1989 This Love
72%
Fearless (TV) That's When
68%
No matching quizzes found
Score Distribution
Percent of People with Each Score
Percentile by Number Answered
Your Score History
You have not taken this quiz since the last reset